ARRUPE JESUIT UNIVERSITY

CORONAVIRUS -STOP THE SPREAD - CLEAN,DISINFECT,COVER

Maria Amai Nechitarisiro CheAfrika (Record no. 120937)

MARC details
000 -LEADER
fixed length control field 00498nam a22001457a 4500
008 - FIXED-LENGTH DATA ELEMENTS--GENERAL INFORMATION
fixed length control field 140924b xxu||||| |||| 00| 0 eng d
020 ## - INTERNATIONAL STANDARD BOOK NUMBER
International Standard Book Number 9780797493315
050 ## - LIBRARY OF CONGRESS CALL NUMBER
Classification number BT613.N338 2014
100 ## - MAIN ENTRY--PERSONAL NAME
Personal name Ncube, Raphael Mabuza fr.
9 (RLIN) 11586
245 ## - TITLE STATEMENT
Title Maria Amai Nechitarisiro CheAfrika
Remainder of title hurudziro yokuzvipira kuna Maria muAfrika
Statement of responsibility, etc Fr. Raphael Mabuza Ncube
260 ## - PUBLICATION, DISTRIBUTION, ETC. (IMPRINT)
Place of publication, distribution, etc Plumtree
Name of publisher, distributor, etc Ilizwe Publications
Date of publication, distribution, etc 2014
300 ## - PHYSICAL DESCRIPTION
Extent 189p. ;
Dimensions 23cm.
600 ## - SUBJECT ADDED ENTRY--PERSONAL NAME
Personal name Mary, Blessed Virgin
9 (RLIN) 5814
942 ## - ADDED ENTRY ELEMENTS (KOHA)
Source of classification or shelving scheme Library of Congress Classification
Item type Monograph ( Printed materials)
Holdings
Withdrawn status Lost status Source of classification or shelving scheme Damaged status Not for loan Collection code Home library Current library Shelving location Date acquired Total Checkouts Full call number Barcode Date last seen Price effective from Koha item type
    Library of Congress Classification     Main Collection ARRUPE LIBRARY ARRUPE LIBRARY Main Collection 24/09/2014   BT613.N338 2014 46500000382 01/12/2016 24/09/2014 Monograph ( Printed materials)

 

Arrupe Library. PO Box MP320 Mt Pleasant, Harare, Zimbabwe
263 242 745411|librarian@aju.ac.zw